Vestník Ministerstva obchodu SSR
Guardado en:
| Formato: | Seriadas |
|---|---|
| Lenguaje: | eslovaco |
| Publicado: |
Bratislava
Ministerstvo obchodu SSR
|
| Etiquetas: |
Sin Etiquetas, Sea el primero en etiquetar este registro!
|
MARC
| LEADER | 00000nas1a22000001 4500 | ||
|---|---|---|---|
| 001 | s120890 | ||
| 005 | 20230808114046.9 | ||
| 041 | 0 | |a slo | |
| 044 | |a SK | ||
| 245 | 1 | 0 | |a Vestník Ministerstva obchodu SSR |
| 264 | 1 | |a Bratislava |b Ministerstvo obchodu SSR | |